|
|
|
|
| LEADER |
00754nab a2200193 i 4500 |
| 001 |
publ31050 |
| 005 |
20241031112206.0 |
| 008 |
241031s2003 hu o 000 hun d |
| 022 |
|
|
|a 1587-5806
|
| 024 |
7 |
|
|a 2114548
|2 mtmt
|
| 040 |
|
|
|a SZTE Publicatio Repozitórium
|b hun
|
| 041 |
|
|
|a hun
|
| 100 |
2 |
|
|a Pannonhalminé Csóka Ildikó
|
| 245 |
1 |
0 |
|a Hogyan tudunk hatékonyabban kommunikálni?
|h [elektronikus dokumentum] :
|b III. A betegközpontú gyógyítás kommunikációs elemei /
|c Pannonhalminé Csóka Ildikó
|
| 260 |
|
|
|c 2003
|
| 300 |
|
|
|a 7-8
|
| 490 |
0 |
|
|a SUPPLEMENTUM: TÁVOKTATÁSI PROGRAM HIVATALOS KIADVÁNYA
|v 3 No. 8
|
| 650 |
|
4 |
|a Általános orvostudomány
|
| 856 |
4 |
0 |
|u http://publicatio.bibl.u-szeged.hu/31050/1/aok_klny_619_03.pdf
|z Dokumentum-elérés
|